| 000 | 00674nam a2200205 a 4500 | ||
|---|---|---|---|
| 001 | 000018981 | ||
| 005 | 20200929165907.0 | ||
| 008 | 910219s1989 fr a b f000 0dfre | ||
| 020 | _a2858505373 | ||
| 040 |
_aDO-SdBNP _beng _cBNPHU |
||
| 082 |
_axxxx _bJ83 |
||
| 245 | 0 | 0 |
_aJosé Bergamin / _csous la direction de Florence Delay et Dominique Letourneur. |
| 260 |
_aParis : _bEditions du Centre Georges Pompidou, _cc1989. |
||
| 300 |
_a286 p. : _bill. ; _c24 cm. |
||
| 490 | 1 | _aCahiers pour un temps, | |
| 504 | _aBibliografĂa : p.277-286 | ||
| 700 | 1 |
_aDelay, Florence, _d1941- _940839 |
|
| 700 | 1 |
_aLetourneur, Dominique. _940840 |
|
| 830 | 0 |
_aCahiers pour un temps _940841 |
|
| 999 |
_c18499 _d18499 |
||